| 000 | 00439nam a2200133Ia 4500 | ||
|---|---|---|---|
| 008 | 210430s9999 xx 000 0 und d | ||
| 020 | _a81-239-1053-3 | ||
| 082 | _a678 M298 H | ||
| 100 |
_aJ.M. Martin, W. K. Smith _9128866 |
||
| 245 |
_a Handbook of Rubber Technology : Identification, Testing, Recycling and Pollution Control in Rubber Industry V-2 / _cJ.M. Martin |
||
| 260 |
_aIndia _bCBS _c2004 |
||
| 300 | _a528P | ||
| 942 |
_cBK _2ddc |
||
| 999 |
_c564671 _d564671 |
||